| 000 | 00330 a2200121 4500 | ||
|---|---|---|---|
| 001 | 146875 | ||
| 040 | _cEscola São Tomás de Aquino | ||
| 100 | _aVILACHÃ, Francisco S. | ||
| 240 | 1 | 0 |
_aA causa secreta _lpor |
| 245 | 1 | 0 | _aA causa secreta |
| 697 | _aCaricaturas, desenho animado, cômico, fotonovelas / Quadrinhos | ||
| 942 | _cBK | ||
| 999 |
_c146875 _d146875 |
||